| 000 | 00455nam a2200157Ia 4500 | ||
|---|---|---|---|
| 008 | 210716s2011 xx 000 0 und d | ||
| 020 | _a9788171949724 | ||
| 041 | _aeng | ||
| 082 | _a336.294 SINV | ||
| 100 | _aSinghania, Vinod K;Singhania, Kapil. | ||
| 245 |
_aTaxmanns direct taxes: law and practice. _bLaw and practice. |
||
| 250 | _a58 | ||
| 260 |
_aNew Delhi _bTaxmann Publications Pvt Ltd _c2011 |
||
| 300 | _aI-27,1635/2017 | ||
| 650 | _aTaxation | ||
| 999 |
_c210211 _d210211 |
||